00443nam a2200133 a 450000500170000000800410001705000180005810000190007624500450009526000460014044000060018699900190019295200980021120140414131904.0100902s19uu xx 00 eng d aFICbM11 1983 aManes, Stephen aBe a perfect person in just three days!. aNew York :bA Bantam Skylark Book,c1983. a  c110820d110820 001040aMUbMUcFICd2010-09-22l0oFIC M11 1983pM1323r2014-04-14 00:00:00w2014-04-14yBK